[Event "Ambelokipi op 76th"]
[Site "Athens"]
[Date "2007.03.17"]
[Round "3"]
[White "Draci, Robert"]
[Black "Kosmas Lekkas, Dimitrios"]
[Result "1-0"]
[WhiteElo "2199"]
[BlackElo "1996"]
[PlyCount "69"]
[EventDate "2007.03.13"]
[EventType "swiss"]
[EventRounds "7"]
[EventCountry "GRE"]
[SourceTitle "EXT 2008"]
[Source "ChessBase"]
[SourceDate "2007.11.25"]
[SourceVersion "1"]
[SourceVersionDate "2007.11.25"]
[SourceQuality "1"]

1. d4 Nf6 2. c4 g6 3. Nc3 Bg7 4. e4 d6 5. f3 c6 6. Be3 a6 7. Bd3 b5 8. b3 Qa5 9. Bd2 Qb6 10. Nge2 Nfd7 11. Be3 Ne5 12. 0-0 Nxd3 13. Qxd3 0-0 14. f4 Rd8 15. Rf2 Bd7 16. Raf1 Be8 17. f5 b4 18. Na4 Qa5 19. Qd2 Nd7 20. Bh6 Bh8 21. Qf4 c5 22. Qh4 Bf6 23. Bg5 cxd4 24. Rf3 Bxg5 25. Qxg5 Qe5 26. Qh4 Qf6 27. Qh3 Qg7 28. Nf4 Ne5 29. Rg3 Bxa4 30. bxa4 Nd7 31. fxg6 hxg6 32. Nxg6 fxg6 33. Qe6+ Kh7 34. Rh3+ Qh6 35. Qf7+ 1-0

[Event "Ambelokipi op 76th"]
[Site "Athens"]
[Date "2007.03.14"]
[Round "2"]
[White "Savoglou, Nikolaos"]
[Black "Draci, Robert"]
[Result "0-1"]
[WhiteElo "1889"]
[BlackElo "2199"]
[PlyCount "140"]
[EventDate "2007.03.13"]
[EventType "swiss"]
[EventRounds "7"]
[EventCountry "GRE"]
[SourceTitle "EXT 2008"]
[Source "ChessBase"]
[SourceDate "2007.11.25"]
[SourceVersion "1"]
[SourceVersionDate "2007.11.25"]
[SourceQuality "1"]

1. d4 Nf6 2. c4 e6 3. Nc3 Bb4 4. Nf3 0-0 5. g3 b6 6. Bg2 Bb7 7. 0-0 h6 8. Qc2 Bxc3 9. Qxc3 d6 10. b3 Nbd7 11. Bb2 Qe7 12. Rfe1 Ne4 13. Qc2 f5 14. Nd2 Ndf6 15. f3 Nxd2 16. Qxd2 d5 17. Rac1 g5 18. c5 Qd7 19. c6 Bxc6 20. Qc3 Bb7 21. Qxc7 Rac8 22. Qxd7 Nxd7 23. Rxc8 Rxc8 24. Rc1 Rxc1+ 25. Bxc1 Kf7 26. h4 Kg6 27. hxg5 hxg5 28. e3 Ba6 29. e4 Nf6 30. exf5+ exf5 31. Kf2 Bd3 32. Bd2 Bb1 33. a3 Ba2 34. b4 Bc4 35. Bc3 a6 36. Bb2 b5 37. Bc1 Ne8 38. f4 g4 39. Ke3 Kf6 40. Bd2 Ke6 41. Be1 Nf6 42. Bh1 Bf1 43. Kf2 Bd3 44. Bg2 Nd7 45. Ke3 Bc4 46. Bd2 Kd6 47. Bh1 Nb6 48. Bg2 Kc6 49. Bc1 Kb7 50. Kd2 Na4 51. Kc2 Kc6 52. Bb2 Bd3+ 53. Kb3 Be2 54. Kc2 Nb6 55. Bc1 Nc4 56. Kc3 Nd6 57. Kd2 Bc4 58. Kc3 Ne8 59. Bd2 Kd6 60. Be1 Ke6 61. Bd2 Nf6 62. Bc1 Nh5 63. Kd2 Nxg3 64. Ke3 Nh5 65. Kf2 Bd3 66. Be3 Nf6 67. Kg3 Ne8 68. Kh4 Nd6 69. Bc1 Nc4 70. Kh5 Be4 0-1

[Event "Athens Siaperas Memorial 3rd"]
[Site "Athens"]
[Date "2007.03.03"]
[Round "7"]
[White "Draci, Robert"]
[Black "Khetsuriani, Besarion"]
[Result "1/2-1/2"]
[WhiteElo "2199"]
[BlackElo "2369"]
[PlyCount "94"]
[EventDate "2007.02.10"]
[EventType "swiss"]
[EventRounds "7"]
[EventCountry "GRE"]
[SourceTitle "EXT 2008"]
[Source "ChessBase"]
[SourceDate "2007.11.25"]
[SourceVersion "1"]
[SourceVersionDate "2007.11.25"]
[SourceQuality "1"]

1. d4 Nf6 2. Nf3 e6 3. e3 b6 4. Bd3 Bb7 5. 0-0 c5 6. c4 Be7 7. Nc3 cxd4 8. Nxd4 0-0 9. b3 Nc6 10. Nxc6 dxc6 11. Bb2 Qc7 12. Ne4 Nxe4 13. Bxe4 f5 14. Bf3 Rad8 15. Qc2 Bd6 16. g3 e5 17. Rad1 e4 18. Be2 c5 19. Rd2 Be7 20. Rfd1 Rxd2 21. Rxd2 Rd8 22. Qd1 Rxd2 23. Qxd2 Bc6 24. Qd1 h6 25. Bf1 Kh7 26. Bh3 g6 27. Qd2 Bf8 28. Qc3 Bg7 29. Qxg7+ Qxg7 30. Bxg7 Kxg7 31. g4 Kf6 32. gxf5 gxf5 33. Kg2 Kg5 34. Kg1 Be8 35. Kg2 a6 36. Kg3 h5 37. Kg2 b5 38. cxb5 axb5 39. Kg1 Bf7 40. Kf1 c4 41. b4 c3 42. Ke1 Bc4 43. a3 Bd3 44. Kd1 Kf6 45. Kc1 Ke5 46. Kd1 h4 47. Kc1 Kf6 1/2-1/2